000
00281nam a2200121Ia 4500
008
190216s9999||||xx |||||||||||||| ||und||
100
_a
Usman Moothedam
245
0
_a
Thalolam
260
_b
Poomkavanam Books Publishers
_c
1989
300
_a
58p
650
_a
Kavithkal
942
_c
BK
999
_c
22321
_d
22321